Cinco semanas en globo
Uloženo v:
| Hlavní autor: | |
|---|---|
| Médium: | Kniha |
| Jazyk: | španělština |
| Vydáno: |
Barcelona
Ramón Sopena S. A
1969
|
| Edice: | Biblioteca Sopena, 3-8
|
| Témata: | |
| Tagy: |
Přidat tag
Žádné tagy, Buďte první, kdo vytvoří štítek k tomuto záznamu!
|
MARC
| LEADER | 00000cam a2200000 a 4500 | ||
|---|---|---|---|
| 001 | UCF8375 | ||
| 003 | CL-VaPUC | ||
| 008 | 130829e19690000sp |||||||||||||||||spa|d | ||
| 082 | 0 | 4 | |a 843 |b VER |2 21 |
| 100 | 0 | |a Verne, Julio |e author |9 570434 | |
| 245 | 1 | 0 | |a Cinco semanas en globo |
| 300 | |a 272 p | ||
| 942 | |c BK | ||
| 945 | |d 20130829 16:45:00 |a dcastane | ||
| 260 | |a Barcelona |b Ramón Sopena S. A |c 1969 | ||
| 650 | 0 | |a Novela francesa |9 264985 | |
| 650 | 0 | |a Literatura francesa |9 266330 | |
| 583 | |a last modification |c 20130829 16:45:00 |k Rodrigo Vera | ||
| 490 | 0 | |a Biblioteca Sopena, 3-8 | |
| 999 | |c 352949 |d 352947 | ||
| 952 | |0 0 |1 0 |3 erb |4 0 |6 843_000000000000000_VER_1969 |7 0 |8 A |9 457744 |a BIBEDU |b BIBEDU |d 2019-11-23 |i 4997719 |o 843 VER 1969 |p 4997719 |r 2019-11-23 |w 2019-11-23 |y BK |z Catalogado en:20130829 |k LIT | ||